[Event "Dortmund op-B"]
[Site "Dortmund"]
[Date "2003.08.09"]
[Round "8"]
[White "Reusch, Julian"]
[Black "Heesemann, Andreas"]
[Result "1-0"]
[WhiteElo "1288"]
[BlackElo "1430"]
[PlyCount "55"]
[EventDate "2003.08.01"]
[EventType "swiss"]
[EventRounds "9"]
[EventCountry "GER"]
[SourceTitle "CBM 095 Extra"]
[Source "ChessBase"]
[SourceDate "2003.09.04"]
[SourceVersion "1"]
[SourceVersionDate "2003.09.04"]
[SourceQuality "1"]

1. e4 e5 2. Nf3 Nf6 3. d3 Nc6 4. Bg5 Be7 5. Nc3 h6 6. Bh4 d6 7. Be2 Be6 8. Qd2 Nxe4 9. dxe4 Bxh4 10. Nd5 Be7 11. 0-0-0 Bg4 12. h3 Bxf3 13. Bxf3 Nd4 14. Qd3 0-0 15. c3 Ne6 16. g3 Nc5 17. Qd2 Qd7 18. Kb1 Bg5 19. Ne3 f5 20. Qd5+ Kh8 21. Qxc5 b6 22. Qxe5 fxe4 23. Bxe4 Rae8 24. Qd4 Rxf2 25. h4 Qb5 26. Nc2 Be3 27. Qxe3 Re2 28. Qd3 1-0